000
00318 a2200109 4500
001
ART_47386
005
20260410161648.0
008
260409a
245
1
0
_a
Régimen simplificado de CABA
100
1
_a
Januszewski, Karina
773
0
_t
Consultor tributario
_g
- Año 12, N° 138 (ago. 2018)
_w
REV474
999
_c
13971
_d
13971